| 000 | 01531nam a22003257a 4500 | ||
|---|---|---|---|
| 005 | 20130717110120.0 | ||
| 008 | 100514s2008 ck gr 100 0 spa d | ||
| 015 | _ack-2008-xxxx | ||
| 020 | _a9789587142143 | ||
| 041 | _aspa | ||
| 043 | _as-ck--- | ||
| 044 | _ack | ||
| 082 | 0 | 4 |
_a351.986126 _bG98p |
| 111 | 2 |
_aSeminario Medio Ambiente y Sociedad _d2006 : _cMedellín). _9524 |
|
| 245 | 1 | 0 |
_aPlaneación, ambiente y territorio : _bactualidad, retos y perpectivas / _cSeminario Medio Ambiente y Sociedad ; Ana Clara Torres Ribeiro ... [et al.]. |
| 250 | _aEditores Académicos Alberto León Gutiérrez Tamayo, Liliana María Sánchez Mazo. | ||
| 260 | 3 |
_aMedellín : _bUniversidad de Antioquía, _c2008. |
|
| 300 |
_a126 p. ; _c25 cm. |
||
| 504 | _aIncluye referencias bibliográficas. | ||
| 650 | 6 |
_aPlanificación territorial _z Antioquia (Colombia) _v Congresos, conferencias, etc. _9525 |
|
| 650 |
_aControl ambiental _z Antioquia (Colombia) _v Congresos, conferencias, etc. _9526 |
||
| 650 | 6 |
_aGestión ambiental _z Antioquia (Colombia) _v Congresos, conferencias, etc. _9527 |
|
| 650 | 6 |
_aMedio ambiente _z Antioquia (Colombia) _v Congresos, conferencias, etc. _9528 |
|
| 700 | 1 |
_aTorres Ribeiro, Ana Clara. _9529 |
|
| 700 | 1 |
_aGutiérrez Tamayo, Alberto Leén, _eed. _9530 |
|
| 700 | 1 |
_aSánchez Mazo, Liliana María, _eed. _9531 |
|
| 710 | 1 |
_aUniversidad de Antioquia. _bFacultad de Ciencias Sociales y Humanas. _bGrupo de Investigación Medio Ambiente y Sociedad. _9532 |
|
| 942 |
_2ddc _cIMPRESO |
||
| 949 | _a | ||
| 999 |
_c7382 _d7382 |
||